header

Practical gynecologic oncology / (Record no. 107383)

MARC details
000 -LEADER
fixed length control field 01904nam a2200421 i 4500
001 - CONTROL NUMBER
control field ebr10865253
003 - CONTROL NUMBER IDENTIFIER
control field CaPaEBR
006 - FIXED-LENGTH DATA ELEMENTS--ADDITIONAL MATERIAL CHARACTERISTICS--GENERAL INFORMATION
fixed length control field m o d
007 - PHYSICAL DESCRIPTION FIXED FIELD--GENERAL INFORMATION
fixed length control field cr cn|||||||||
008 - FIXED-LENGTH DATA ELEMENTS--GENERAL INFORMATION
fixed length control field 140508t20052005pauaof o 001 0 eng d
020 ## - INTERNATIONAL STANDARD BOOK NUMBER
Cancelled/invalid ISBN 9780781750592
International Standard Book Number 9781469877808 (e-book)
040 ## - CATALOGING SOURCE
Original cataloging agency CaPaEBR
Language of cataloging eng
Description conventions rda
-- pn
Transcribing agency CaPaEBR
035 ## - SYSTEM CONTROL NUMBER
System control number (OCoLC)694515929
050 14 - LIBRARY OF CONGRESS CALL NUMBER
Classification number RC280.G5
Item number .P733 2005eb
082 04 - DEWEY DECIMAL CLASSIFICATION NUMBER
Classification number 616.99/465
Edition number 22
245 00 - TITLE STATEMENT
Title Practical gynecologic oncology /
Statement of responsibility, etc Jonathan S. Berek, Neville F. Hacker, editors ; Timothy C. Hengst, illustration ; Ruth Weinberg, acquisitions editor ; Lisa Kairis, developmental editor.
250 ## - EDITION STATEMENT
Edition statement Fourth edition.
264 #1 - PRODUCTION, PUBLICATION, DISTRIBUTION, MANUFACTURE, AND COPYRIGHT NOTICE
Place of production, publication, distribution, manufacture Philadelphia, Pennsylvania :
Name of producer, publisher, distributor, manufacturer Lippincott Williams & Wilkins,
Date of production, publication, distribution, manufacture, or copyright notice 2005.
Date of production, publication, distribution, manufacture, or copyright notice �2005
300 ## - PHYSICAL DESCRIPTION
Extent 1 online resource (122 pages, 5 unnumbered pages of plates) :
Other physical details illustrations, photographs
336 ## - CONTENT TYPE
Content type term text
Source rdacontent
337 ## - MEDIA TYPE
Media type term computer
Source rdamedia
338 ## - CARRIER TYPE
Carrier type term online resource
Source rdacarrier
500 ## - GENERAL NOTE
General note Includes index.
588 ## - SOURCE OF DESCRIPTION NOTE
Source of description note Description based on print version record.
590 ## - LOCAL NOTE (RLIN)
Local note Electronic reproduction. Palo Alto, Calif. : ebrary, 2014. Available via World Wide Web. Access may be limited to ebrary affiliated libraries.
650 #0 - SUBJECT ADDED ENTRY--TOPICAL TERM
Topical term or geographic name as entry element Generative organs, Female
General subdivision Cancer.
655 #0 - INDEX TERM--GENRE/FORM
Genre/form data or focus term Electronic books.
700 1# - ADDED ENTRY--PERSONAL NAME
Personal name Berek, Jonathan S.,
Relator term editor.
Personal name Hacker, Neville F.,
Relator term editor.
Personal name Hengst, Timothy C.,
Relator term illustrator.
Personal name Weinberg, Ruth,
Relator term editor.
Personal name Kairis, Lisa,
Relator term editor.
776 08 - ADDITIONAL PHYSICAL FORM ENTRY
Display text Print version:
Title Practical gynecologic oncology.
Edition Fourth edition.
Place, publisher, and date of publication Philadelphia, Pennsylvania : Lippincott Williams & Wilkins, c2005
Physical description xix, 908 pages
International Standard Book Number 9780781750592
Record control number 2004056723
797 2# - LOCAL ADDED ENTRY--CORPORATE NAME (RLIN)
Corporate name or jurisdiction name as entry element ebrary.
856 40 - ELECTRONIC LOCATION AND ACCESS
Uniform Resource Identifier <a href="http://site.ebrary.com/lib/rucke/Doc?id=10865253">http://site.ebrary.com/lib/rucke/Doc?id=10865253</a>
Public note An electronic book accessible through the World Wide Web; click to view

No items available.

© 2026 Rongo University
Contact us: librarian | system librarian | Rongo university